| 000 | 01332nam a2200253Ia 4500 | ||
|---|---|---|---|
| 999 |
_c36531 _d36531 |
||
| 001 | 2449 | ||
| 003 | GE_BSU | ||
| 005 | 20230317153927.0 | ||
| 008 | 181216s2011||||ge |||||||||||||| ||geo|| | ||
| 020 | _a9789941416859 | ||
| 040 | _cGE_BSU | ||
| 041 | _ageo | ||
| 080 | _a821.353.1 დ–33 | ||
| 245 |
_aდემოკრატიული ღირებულებები ქართულ მწერლობასა და ზეპირსიტყვიერებაში : _bსაქართველოს გასაბჭოებამდე : [ანთოლოგია] / _cშემდგ.: რუსუდან ჩოლოყაშვილი; რედ.: ირმა რატიანი, ქეთი ნინიძე. |
||
| 264 |
_aთბილისი : _bნეკერი, _c2011 |
||
| 300 |
_a415გვ.; _b17სმ. |
||
| 504 | _aბიბლიოგრ.: გვ. 406-415. | ||
| 541 | _h18ლ. | ||
| 653 | _aხალხური ლექსები | ||
| 700 |
_aორბელიანი, სულხან-საბა, 1658-1725 _eავტორი _917224 |
||
| 700 |
_aგურამიშვილი, დავით _eავტორი _96973 |
||
| 700 |
_aყიფიანი, დავით და სხვ. _eავტორი _917225 |
||
| 942 |
_cBK _2udc |
||